Model okruhu s rýchlobežnou mikro turbínou na pedagogické účely

Salvato in:
Dettagli Bibliografici
Autore principale: Ježík, Viliam (Autore)
Altri autori: Olšiak, Róbert (Relatore della tesi)
Natura: Manoscritto Libro
Lingua:slovacco
Pubblicazione: 2024
Soggetti:
Accesso online:http://is.stuba.sk/zp/portal_zp.pl?podrobnosti=179051
Tags: Aggiungi Tag
Nessun Tag, puoi essere il primo ad aggiungerne!!

MARC

LEADER 00000ntm a22000003a 4500
001 stuzp98687
003 SK-STU
005 20241118091619.6
007 ta
008 150427s2015----xo-----f-mn---000-0-slo-d
040 |a STU  |b slo 
041 0 |a slo 
100 1 |a Ježík, Viliam  |u 020060  |4 aut  |U SjF Strojnícka fakulta  |T SjF Ústav energetických strojov a zariadení  |X 104907  |U J0060  |Y 805  |7 104907 
242 0 1 |a Micro turbine plant model for pedagogical purposes  |y eng 
245 1 0 |a Model okruhu s rýchlobežnou mikro turbínou na pedagogické účely 
260 |c 2024 
650 4 |a Vodné turbíny  |2 slo 
650 4 |a model okruhu turbíny  |2 slo 
650 4 |a meranie vodných turbín  |2 slo 
650 4 |a mikro turbína  |2 slo 
650 4 |a Water turbines  |2 eng 
650 4 |a microturbine  |2 eng 
650 4 |a turbine plant model  |2 eng 
650 4 |a measurement of water turbines  |2 eng 
700 1 |a Olšiak, Róbert  |u 020060  |k Z1  |4 ths  |U SjF Strojnícka fakulta  |T SjF Ústav energetických strojov a zariadení  |X 2339  |U J0060  |Y 805  |7 A000002339 
856 4 |u http://is.stuba.sk/zp/portal_zp.pl?podrobnosti=179051 
996 |b 284J047644  |c J* 3739/DDP  |l JJSK  |s A  |a 24  |w stuzp98687_0001